<?xml version='1.0' encoding='UTF-8'?>
  <record xmlns="http://www.loc.gov/MARC21/slim">
    <leader>00000cem a2200000Mi 4500</leader>
    <controlfield tag="001">ocm71511120</controlfield>
    <controlfield tag="003">OCoLC</controlfield>
    <controlfield tag="005">20170401165014.5</controlfield>
    <controlfield tag="008">060922s1840    xx        a     0   und d</controlfield>
    <datafield tag="040" ind1=" " ind2=" ">
      <subfield code="a">NLGGC</subfield>
      <subfield code="b">dut</subfield>
      <subfield code="e">fobidrtb</subfield>
      <subfield code="c">NLGGC</subfield>
      <subfield code="d">HLS</subfield>
      <subfield code="d">OCLCQ</subfield>
      <subfield code="d">QGJ</subfield>
    </datafield>
    <datafield tag="029" ind1="0" ind2=" ">
      <subfield code="a">NLGGC</subfield>
      <subfield code="b">138343527</subfield>
    </datafield>
    <datafield tag="035" ind1=" " ind2=" ">
      <subfield code="a">(OCoLC)71511120</subfield>
    </datafield>
    <datafield tag="084" ind1=" " ind2=" ">
      <subfield code="a">74.20</subfield>
      <subfield code="2">bcl</subfield>
    </datafield>
    <datafield tag="100" ind1="1" ind2=" ">
      <subfield code="a">Werneke, A.,</subfield>
      <subfield code="c">Cz.</subfield>
    </datafield>
    <datafield tag="245" ind1="1" ind2="0">
      <subfield code="a">Kaart van de provincie Drenthe :</subfield>
      <subfield code="b">op last van de Heeren Gedeputeerde Staten opgemaakt uit de kadastrale plans ... /</subfield>
      <subfield code="c">zamengesteld door A. Werneke Cz ; en door J.C. Brauns geteekend ; gegraveerd door van Baarsel &amp; Tuyn.</subfield>
    </datafield>
    <datafield tag="260" ind1=" " ind2=" ">
      <subfield code="a">Te Groningen :</subfield>
      <subfield code="b">Bij J. Oomkens Jz,</subfield>
      <subfield code="c">1840.</subfield>
      <subfield code="e">([Amsterdam] :</subfield>
      <subfield code="f">gedrukt door de Wed. A. Koning en J.F. Brugman)</subfield>
    </datafield>
    <datafield tag="300" ind1=" " ind2=" ">
      <subfield code="a">1 krt in 4 bl. ;</subfield>
      <subfield code="c">elk bl. 69 x 85 cm. (totale kaart 138 x 170 cm.)</subfield>
    </datafield>
    <datafield tag="510" ind1="3" ind2=" ">
      <subfield code="a">Lit.: T. Jongsma. Kaart van de provincie Drenthe uit 1840 door Werneke en Brauns, in: Caert-thresoor 5(1986) p. 21-25; Koeman, Handleiding voor de studie van de topografische kaarten van Nederland, nr. 66, p. 100</subfield>
    </datafield>
    <datafield tag="538" ind1=" " ind2=" ">
      <subfield code="a">Schaalstok.</subfield>
    </datafield>
    <datafield tag="651" ind1=" " ind2="7">
      <subfield code="a">Drenthe.</subfield>
      <subfield code="0">(NL-LeOCL)078489180.</subfield>
      <subfield code="2">gtt</subfield>
    </datafield>
    <datafield tag="655" ind1=" " ind2="7">
      <subfield code="a">Atlassen (vorm)</subfield>
      <subfield code="0">(NL-LeOCL)088141551.</subfield>
      <subfield code="2">gtt</subfield>
    </datafield>
    <datafield tag="700" ind1="1" ind2=" ">
      <subfield code="a">Brauns, J. C.</subfield>
    </datafield>
    <datafield tag="700" ind1="1" ind2=" ">
      <subfield code="a">Oomkens, J.,</subfield>
      <subfield code="c">Jz.</subfield>
    </datafield>
    <datafield tag="700" ind1="1" ind2=" ">
      <subfield code="a">Baarsel, Willem Cornelis van,</subfield>
      <subfield code="d">1791-1854.</subfield>
    </datafield>
    <datafield tag="700" ind1="1" ind2=" ">
      <subfield code="a">Tuyn, P. N.</subfield>
      <subfield code="q">(Petrus Nicolai),</subfield>
      <subfield code="d">1812-1867.</subfield>
    </datafield>
    <datafield tag="856" ind1="4" ind2="1">
      <subfield code="u">http://objects.library.uu.nl/reader/resolver.php?obj=002304803&amp;type=2</subfield>
      <subfield code="x">Online</subfield>
      <subfield code="z">Full Text</subfield>
    </datafield>
  </record>